000 006230000a22001810004500
003 MACL
005 20160426141018.0
008 160426b xxu||||| |||| 00| 0 eng d
040 _aMACL
_cMACL
041 _aHindi
082 _a800
100 _aदेवेन्‍द्र इस्‍सर
_940395
245 _aमंटो
_bअदालत के कटघरे में
260 _bऐरो पब्लिशर्स एण्‍ड डिस्‍ट्रीब्‍यूटर्स
_c2007
_aदिल्‍ली
350 _a250
650 _aLiteracture
_954052
942 _cHIN
_k800/MAN/L
_2ddc
999 _c22543
_d22543